000 00329 a2200145 4500
001 167295
020 _a
040 _cMagnum
100 _aSilva, Ezequiel Theodoro da
240 1 0 _aElementos de pedagogia da leitura
_lpor
245 1 0 _aElementos de pedagogia da leitura
362 0 _a1899
697 _aENSINO
942 _cBK
999 _c167295
_d167295